Statystyki dla Kogo to piosenka?

Kliknij tutaj aby rozwiązać quiz!

Ogólne statystyki

  • Ten quiz został rozwiązany 577 razy
  • Średni wynik to 12 z 25

Statystyki odpowiedzi

TytułArtysta/Zespół% Poprawnych
13.Bohemian RhapsodyQueen
88%
15.Highway To HellACDC
84%
1.Beat ItMichael Jackson
84%
19.Smells Like Teen SpiritNirvana
76%
18.Livin' On A PrayerBon Jovi
69%
9.I Will Always Love YouWhitney Houston
65%
12.YesterdayThe Beatles
64%
21.Stayin' AliveBee Gees
59%
6.No Woman No CryBob Marley
59%
2.What A Wonderful WorldLouis Armstrong
58%
11.Enter SandmanMetallica
57%
14.ImagineJohn Lennon
55%
16.Purple RainPrince
50%
3.November RainGuns N Roses
49%
4.Another Brick In The WallPink Floyd
49%
17.RehabAmy Winehouse
48%
24.Jailhouse RockElvis Presley
41%
7.Whole Lotta LoveLed Zeppelin
31%
10.I Will SurviveGloria Gaynor
28%
22.Riders On The StormThe Doors
28%
5.SuperstitionStevie Wonder
20%
25.Like A Rolling StoneBob Dylan
17%
20.RespectAretha Franklin
16%
23.Ziggy StardustDavid Bowie
14%
8.It's A Man's Man's Man's WorldJames Brown
12%

Rozkład punktacji

Percentyl według liczby udzielonych odpowiedzi

Procent ludzi z każdym wynikiem

Twoja historia wyników

Nie rozwiązałeś tego quizu